The Entanglement of Illusions/ (Record no. 214777)

MARC details
000 -LEADER
fixed length control field 00548nam a22001937a 4500
005 - DATE AND TIME OF LATEST TRANSACTION
control field 20260211104005.0
010 ## - LCCN (DPL NO)
LC control number ENG-147786
020 ## - INTERNATIONAL STANDARD BOOK NUMBER
Terms of availability 199.00
International Standard Book Number 9789370989214
035 ## - SYSTEM CONTROL NUMBER
System control number EN-131318
037 ## - SOURCE OF ACQUISITION
Source of stock number/acquisition DBAD
082 ## - DEWEY DECIMAL CLASSIFICATION NUMBER
Classification number 921
Edition number 1
100 ## - MAIN ENTRY--PERSONAL NAME
Personal name Sabari, Prasita
245 ## - TITLE STATEMENT
Title The Entanglement of Illusions/
Statement of responsibility, etc Prasita Sabari
250 ## - EDITION STATEMENT
Edition statement 1
260 ## - PUBLICATION, DISTRIBUTION, ETC. (IMPRINT)
Place of publication, distribution, etc Kerala
Name of publisher, distributor, etc CB Folio
270 ## - ADDRESS
City Kerala
Address DC Kizhakemuri Edam Good Shepherd Street Kerala, India
Postal code 686001
300 ## - PHYSICAL DESCRIPTION
Extent 75p.
Dimensions 22 cm(pb)
942 ## - ADDED ENTRY ELEMENTS (KOHA)
Source of classification or shelving scheme Dewey Decimal Classification
Item type English Books
Classification part 821
Call number suffix SAB
Holdings
Withdrawn status Lost status Not for loan Collection code Home library Current library Date acquired Source of acquisition Cost, normal purchase price Full call number Barcode Copy number Cost, replacement price Koha item type
      Non-fiction Mobile Library Mobile Library 11/02/2026 Delivery of Books Act Division 199.00 821 SAB EN-131318 1 199.00 English Books

© Delhi Public Library
Hit Counter
free hit counter